| 000 | 01688cam a22004814i 4500 | ||
|---|---|---|---|
| 003 | PE-LiUPU | ||
| 005 | 20250731184553.0 | ||
| 008 | 150625s r 000 0 d | ||
| 020 | _a8445110934 | ||
| 035 | _a(Sirsi) i9788445110935 | ||
| 040 |
_aPE-LiUPU _bspa _cPE-LiUPU _erda |
||
| 049 | _aPRUA | ||
| 082 | 0 | 4 |
_a946.41 _bM56 _221 |
| 100 | 1 |
_aBarella Vigal, Julia, _eautor. |
|
| 245 | 1 | 0 |
_aMadrid en la novela V. _n5 / _cJulia Barella Vigal. |
| 264 | 1 |
_aMadrid : _bComunidad de Madrid, _c1995. |
|
| 300 |
_a296 páginas : _bilustraciones, fotos ; _c25 centímetros |
||
| 336 |
_atext _2rdacontent |
||
| 337 |
_aunmediated _2rdamedia |
||
| 338 |
_avolume _2rdacarrier |
||
| 490 | 0 | _aMadrid en la Literatura | |
| 505 | 0 | _aLa forja de un rebelde. -El diario de Hamlet García. -El rey y la reyna. -Madrid, de corte o checa. -Campo abierto. -Campo del moro. -Tiempo de silencio. -La Colmena. | |
| 526 | _aP136 | ||
| 526 | _aP135 | ||
| 526 | _aP134 | ||
| 526 | _aP133 | ||
| 526 | _aP144 | ||
| 526 | _aP143 | ||
| 526 | _aP87 | ||
| 526 | _aP35 | ||
| 526 | _aP20 | ||
| 526 | _aP14 | ||
| 526 | _aP10 | ||
| 526 | _aP06 | ||
| 650 | 0 | 4 |
_aEnsayos españoles _ySiglo XX. _9875 |
| 651 |
_aMadrid _xNovelas. |
||
| 942 |
_2ddc _cBOOK |
||
| 949 |
_a946.41 M56 5 _wDEWEY _c1 _i53861 _lCCODEBUL1 _mBUL _p12.00 _r0 _sY _tBOOK _u2015-6-25 _xEDUCACION _zUNKNOWN _0COMPRA _o.STAFF. Colección General |
||
| 994 |
_aC0 _bPEPRU |
||
| 596 | _a1 | ||
| 999 |
_a946.41 M56 5 _wDEWEY _c43949 _i53861 _f2021-11-8 _g5 _lCCODEBUL1 _mBUL _p12.00 _r0 _sY _tBOOK _u2015-6-25 _xBIBLIOTECA _zUNKNOWN _0COMPRA _o.STAFF. Colección General _d43949 |
||
| 980 |
_81 _gALBERTO SANCHEZ Responsable de Automatización |
||